[Event "1. liga - V 17/18, Grygov-SM"]
[Site ""]
[Date "2017.12.10"]
[Round "4.1"]
[White "Biolek, Richard"]
[Black "Sosna, Jan"]
[Result "1-0"]
[WhiteElo "2452"]
[BlackElo "2333"]
[PlyCount "0"]
[WhiteTeam "Agentura 64 Grygov"]
[BlackTeam "SK Stare Mesto"]
[EventDate "2017.10.22"]

1. e4 e5 2. Nf3 Nc6 3. d4 exd4 4. Nxd4 Bc5 5. Nb3 Bb6 6. Nc3 d6 7. Nd5 Nf6 8.
Nxb6 axb6 9. Bd3 O-O 10. O-O Re8 11. Re1 d5 12. exd5 Rxe1+ 13. Qxe1 Qxd5 14.
Bf4 Bf5 15. Bxc7 Bxd3 16. cxd3 Qxd3 17. Bxb6 Re8 18. Qd2 Qa6 19. Be3 Rd8 20.
Qe1 h6 21. Nc5 Qb5 22. b3 b6 23. Na4 Nd5 24. Rd1 Re8 25. Nc3 Nxc3 26. Qxc3 Re6
27. h3 Qh5 28. Rd7 Ne5 29. Rd8+ Kh7 30. Qc2+ Rg6 31. Qe4 Nf3+ 32. Kf1 Nh2+ 33.
Kg1 Nf3+ 34. Kh1 Ne5 35. Rd5 f6 36. Bxb6 Kg8 37. a4 f5 38. Qxe5 1-0

[Event "1. liga - V 17/18, Grygov-SM"]
[Site ""]
[Date "2017.12.10"]
[Round "4.2"]
[White "Husek, Martin"]
[Black "Obsivac, Josef"]
[Result "1/2-1/2"]
[WhiteElo "2184"]
[BlackElo "2320"]
[PlyCount "0"]
[WhiteTeam "SK Stare Mesto"]
[BlackTeam "Agentura 64 Grygov"]
[EventDate "2017.10.22"]

1. e4 e6 2. d4 d5 3. Nc3 Nf6 4. e5 Nfd7 5. f4 c5 6. Nf3 Nc6 7. Be3 a6 8. Qd2
Be7 9. Bd3 b5 10. dxc5 Bxc5 11. Bf2 Qb6 12. O-O Bxf2+ 13. Qxf2 Qxf2+ 14. Rxf2
Ke7 15. Re1 Nc5 16. f5 b4 17. Ne2 exf5 18. Ned4 Nxd4 19. Nxd4 g6 20. Nc6+ Kf8
21. Nxb4 Bb7 22. a3 a5 23. Na2 Nxd3 24. cxd3 d4 25. Rf4 Rd8 26. Nc1 Ke7 27. Nb3
Rd5 28. Rc1 Rc8 29. Rxc8 Bxc8 30. Rxd4 Rxe5 31. Kf2 Rb5 32. Nd2 Rxb2 33. Ke3
Be6 34. Ra4 Rb5 35. Kd4 Kd6 36. g3 Bd5 37. h4 h6 38. Nc4+ Bxc4 39. Rxc4 g5 40.
Ke3 Re5+ 41. Kf3 Rd5 42. Ke3 f4+ 43. gxf4 gxh4 44. f5 Rxf5 45. Rxh4 h5 46. Rc4
Rg5 47. Rc8 Rg4 48. Rh8 Rh4 49. d4 Kd5 50. a4 Rh3+ 51. Kf4 Rh4+ 52. Ke3 Kc4 53.
Rb8 Rh1 54. Rb5 h4 55. Rxa5 Re1+ 56. Kf2 Re4 57. Rf5 Rxd4 1/2-1/2

[Event "1. liga - V 17/18, Grygov-SM"]
[Site ""]
[Date "2017.12.10"]
[Round "4.3"]
[White "Biolek, Richard"]
[Black "Bazant, Petr"]
[Result "1/2-1/2"]
[WhiteElo "2411"]
[BlackElo "2306"]
[PlyCount "0"]
[WhiteTeam "Agentura 64 Grygov"]
[BlackTeam "SK Stare Mesto"]
[EventDate "2017.10.22"]

1. Nf3 Nf6 2. g3 b6 3. Bg2 Bb7 4. O-O g6 5. c4 Bg7 6. d4 O-O 7. Nc3 d5 8. Ne5
c6 9. cxd5 Nxd5 10. Nxd5 cxd5 11. Qb3 e6 12. Bf4 Nc6 13. Nxc6 Bxc6 14. Be5 Bxe5
15. dxe5 Qd7 16. Qb4 Bb5 17. Bf3 Rac8 18. Rfc1 a5 19. Qd4 Qb7 20. h4 Kg7 21. h5
h6 22. a4 Ba6 23. b4 axb4 24. Qxb4 g5 25. Rab1 Qd7 26. Qd4 Rxc1+ 27. Rxc1 Rc8
28. Rxc8 Bxc8 29. Qxb6 Qxa4 30. Qd8 Qd7 31. Qf6+ Kh7 32. Bg4 d4 33. f4 gxf4 34.
gxf4 d3 35. exd3 Qd4+ 36. Kf1 Qxd3+ 37. Be2 Qh3+ 38. Kf2 Qf5 39. Qxf5+ exf5 40.
Ke3 Kg7 41. Bc4 Kf8 1/2-1/2

[Event "1. liga - V 17/18, Grygov-SM"]
[Site ""]
[Date "2017.12.10"]
[Round "4.4"]
[White "Vrana, Frantisek"]
[Black "Richterova, Natasa"]
[Result "1-0"]
[WhiteElo "2252"]
[BlackElo "2151"]
[PlyCount "0"]
[WhiteTeam "SK Stare Mesto"]
[BlackTeam "Agentura 64 Grygov"]
[EventDate "2017.10.22"]

1. e4 d6 2. d4 e5 3. Nf3 Nd7 4. Bc4 c6 5. O-O Be7 6. Nc3 Ngf6 7. Re1 O-O 8. a4
b6 9. Bg5 Bb7 10. Ba2 a6 11. Qd2 b5 12. Bxf6 Bxf6 13. d5 b4 14. Nd1 c5 15. Bc4
Nb6 16. Ne3 Bg5 17. Nxg5 Qxg5 18. a5 Nxc4 19. Nxc4 Qxd2 20. Nxd2 f5 21. f3 fxe4
22. fxe4 Rf6 23. Rf1 Kf7 24. c3 bxc3 25. bxc3 Bc8 26. Nc4 Ke7 27. Rab1 Rxf1+
28. Kxf1 Bd7 29. Rb7 Rd8 30. Kf2 Rf8+ 31. Ke3 Rd8 32. Ra7 h6 33. Rb7 g5 34. Ra7
h5 35. Rb7 g4 36. Ra7 h4 37. Rb7 h3 38. gxh3 gxh3 39. Nb6 Ke8 40. Nxd7 Rxd7 41.
Rxd7 Kxd7 42. Kf3 Ke7 43. Kg3 Kf6 44. Kxh3 Kg5 45. Kg3 Kh5 46. h4 c4 47. Kh3
Kh6 48. Kg4 Kg6 49. h5+ Kh6 50. Kh4 Kh7 51. Kg5 Kg7 52. h6+ 1-0

[Event "1. liga - V 17/18, Grygov-SM"]
[Site ""]
[Date "2017.12.10"]
[Round "4.5"]
[White "Fuksik, Jakub"]
[Black "Bazant, Petr"]
[Result "0-1"]
[WhiteElo "2196"]
[BlackElo "2220"]
[PlyCount "0"]
[WhiteTeam "Agentura 64 Grygov"]
[BlackTeam "SK Stare Mesto"]
[EventDate "2017.10.22"]

1. e4 c5 2. Nf3 Nf6 3. e5 Nd5 4. g3 g6 5. Bg2 Bg7 6. O-O O-O 7. d4 cxd4 8. Qxd4
Nc7 9. Rd1 Nc6 10. Qe4 d5 11. Qe2 Bg4 12. Bf4 Ne6 13. c3 Nxf4 14. gxf4 e6 15.
Nbd2 Bh6 16. h3 Bxf3 17. Nxf3 Bxf4 18. c4 Re8 19. a3 Qc7 20. cxd5 exd5 21. Rxd5
Nxe5 22. Nxe5 Rxe5 23. Qb5 Rxd5 24. Qxd5 Rd8 25. Qxb7 Qxb7 26. Bxb7 Rb8 27. Bd5
Rxb2 28. Re1 Bd6 29. Rc1 Rd2 30. Bb3 Rd3 31. Rc8+ Kg7 32. Bc4 Rxa3 33. Rd8 Bc5
34. Kg2 Ra4 35. Bd5 Rf4 36. f3 Rf6 37. Rd7 a5 38. Rc7 Bb6 39. Rb7 a4 40. Kf1 a3
41. Ke2 h5 42. Ba2 Bc5 43. Rc7 Rf5 44. Bc4 h4 45. Ba2 Bd6 46. Rd7 Re5+ 47. Kd3
Be7 48. Ra7 g5 49. Bb3 Re3+ 50. Kxe3 Bc5+ 51. Ke4 Bxa7 52. Kf5 Be3 53. Bc4 Bf4
54. Bb3 f6 55. Bc4 Be5 56. Ke6 Kf8 57. Kd7 Bc3 58. Ke6 Ke8 59. Kf5 Be5 60. Ke6
Kd8 61. Bb3 Kc7 62. Kd5 Kb6 63. Bc4 Bf4 64. Kd4 Kc6 65. Bd5+ Kd6 66. Bc4 f5 67.
Bb3 Bc1 68. Ba2 Bb2+ 69. Ke3 Ke5 70. Bb1 Bd4+ 71. Kd3 Bc5 72. Ke2 Kf4 0-1

[Event "1. liga - V 17/18, Grygov-SM"]
[Site ""]
[Date "2017.12.10"]
[Round "4.6"]
[White "Skalsky, Alexandr"]
[Black "Zatloukal, Petr"]
[Result "1-0"]
[WhiteElo "2034"]
[BlackElo "2070"]
[PlyCount "0"]
[WhiteTeam "SK Stare Mesto"]
[BlackTeam "Agentura 64 Grygov"]
[EventDate "2017.10.22"]

1. e4 c6 2. d4 d5 3. e5 Bf5 4. Nf3 e6 5. Be2 Ne7 6. O-O Nd7 7. Nbd2 c5 8. dxc5
Nc6 9. c4 Ndxe5 10. Nxe5 Nxe5 11. cxd5 Qxd5 12. Qa4+ Nc6 13. Bf3 Qd7 14. Nc4
Bxc5 15. Rd1 Qc8 16. b4 Be7 17. b5 Nb4 18. Nd6+ Bxd6 19. Rxd6 Qc3 20. b6+ Kf8
21. Qd1 Nd3 22. Bxb7 Ke7 23. Rc6 Qe5 24. Bxa8 Rxa8 25. Ba3+ Kf6 26. b7 Rb8 27.
Bd6 Qd4 28. Bxb8 Qxf2+ 29. Kh1 Qb2 30. Bg3 Qxb7 31. Rd6 Qb2 32. Rb1 Qa3 33. Rb3
Qxd6 34. Bxd6 Nf2+ 35. Kg1 Nxd1 36. Bc5 a5 37. Bb6 a4 38. Rb4 e5 39. Rxa4 Be6
40. Ra7 Kf5 41. a4 e4 42. a5 e3 43. a6 Bc4 44. Ba5 e2 45. Ra8 Ne3 46. a7 Bd5
47. Rd8 Bxg2 48. Kf2 Nc4 49. Kxg2 Nxa5 50. Kf2 1-0

[Event "1. liga - V 17/18, Grygov-SM"]
[Site ""]
[Date "2017.12.10"]
[Round "4.7"]
[White "Zvolanek, Libor"]
[Black "Horsak, Jan"]
[Result "1/2-1/2"]
[WhiteElo "2145"]
[BlackElo "2111"]
[PlyCount "0"]
[WhiteTeam "Agentura 64 Grygov"]
[BlackTeam "SK Stare Mesto"]
[EventDate "2017.10.22"]

1. d4 Nf6 2. c4 g6 3. Nc3 Bg7 4. Bg5 h6 5. Bh4 d6 6. e3 O-O 7. Nf3 c6 8. Be2
Qc7 9. O-O e5 10. Nd2 exd4 11. exd4 Qb6 12. Nb3 a5 13. Na4 Qc7 14. c5 Be6 15.
cxd6 Qxd6 16. Nbc5 Ra7 17. Bg3 Qe7 18. Nxe6 Qxe6 19. Qc2 Nbd7 20. Nc5 Nxc5 21.
Qxc5 Raa8 22. Bc4 Qd7 23. Rfe1 Rfe8 24. Be5 b5 25. Bf1 Rac8 26. a4 bxa4 27.
Qxa5 Qf5 28. Qd2 Ng4 29. Bxg7 Kxg7 30. Rxa4 Rxe1 31. Qxe1 Qc2 32. Rc4 Qxb2 33.
Qe2 Qxe2 34. Bxe2 Nf6 35. Bf3 Kf8 36. Kf1 Ke7 37. Rxc6 Rd8 38. Rc4 Ne8 39. Ke2
Rb8 40. Kd3 Nd6 41. Rc2 Rb3+ 42. Rc3 Rb2 43. Be2 Rb4 44. f4 Nb5 45. Rc4 Rb3+
46. Kd2 Rb2+ 47. Ke3 Nd6 48. Ra4 Rb3+ 49. Bd3 Rb2 50. Be2 Rb3+ 1/2-1/2

[Event "1. liga - V 17/18, Grygov-SM"]
[Site ""]
[Date "2017.12.10"]
[Round "4.8"]
[White "Kubos, Rostislav"]
[Black "Svancara, Petr"]
[Result "0-1"]
[WhiteElo "2180"]
[BlackElo "2095"]
[PlyCount "0"]
[WhiteTeam "SK Stare Mesto"]
[BlackTeam "Agentura 64 Grygov"]
[EventDate "2017.10.22"]

1. d4 Nf6 2. Nf3 e6 3. g3 b6 4. Bg2 Bb7 5. O-O c5 6. c4 cxd4 7. Qxd4 Nc6 8. Qf4
Be7 9. Nc3 O-O 10. e4 d6 11. b3 Qb8 12. Bb2 Nd7 13. Rad1 a6 14. Rfe1 Nde5 15.
Qe3 Nxf3+ 16. Bxf3 Ne5 17. Be2 Bc6 18. a4 Qc7 19. Rc1 Bb7 20. Ba3 Rfd8 21. Red1
Rac8 22. h3 Ba8 23. Kh2 Qb7 24. f4 Ng6 25. Bf3 Qb8 26. h4 Bf8 27. Bg4 Ne7 28.
Bh3 Nc6 29. Rf1 Re8 30. Rfd1 Rcd8 31. Bg2 Na5 32. Ne2 Nc6 33. Qd3 d5 34. Bxf8
dxe4 35. Qxe4 Rxf8 36. Nc3 Qc7 37. Qe2 Nd4 38. Qb2 Bxg2 39. Kxg2 Qb7+ 40. Kh3
Nf5 41. Qf2 h5 42. Qe2 Nd4 43. Qxh5 Nxb3 44. Rxd8 Rxd8 45. Rd1 Rxd1 46. Qxd1
Nc5 47. Kh2 Qc6 48. Qd8+ Kh7 49. Qd1 f5 50. Qh5+ Kg8 51. Qe2 Nd7 52. Qd3 Nf6
53. Qe2 Ng4+ 54. Kg1 Qc5+ 55. Kh1 Qe3 56. a5 bxa5 57. Qxe3 Nxe3 58. c5 Kf8 59.
Na4 Ke7 60. Nb6 Nd5 61. Na4 Kd7 62. Kg2 Kc6 63. h5 Kb5 64. Nb2 a4 65. Nd3 a3
66. Nc1 Kxc5 67. Kh3 Kc4 68. Kh4 Nc3 69. Kg5 Ne4+ 0-1

[Event "1. liga - V 17/18, Trinec-Rychnov"]
[Site ""]
[Date "2017.12.10"]
[Round "4.1"]
[White "Szotkowski, Jakub"]
[Black "Sabuk, Piotr"]
[Result "1/2-1/2"]
[WhiteElo "2371"]
[BlackElo "2382"]
[PlyCount "0"]
[WhiteTeam "TZ Trinec"]
[BlackTeam "Panda Rychnov nad Kneznou A"]
[EventDate "2017.10.22"]

1. d4 d6 2. g3 g6 3. Bg2 Bg7 4. Nf3 Nd7 5. O-O e5 6. c4 Ne7 7. Nc3 O-O 8. e3 f5
9. Ng5 Nf6 10. dxe5 dxe5 11. Qb3 e4 12. Rd1 Qe8 13. Nb5 Qc6 14. Nd4 Qb6 15. Bd2
Bh6 16. Nge6 Bxe6 17. Qxb6 axb6 18. Nxe6 Rfc8 19. Bc3 Kf7 20. Nf4 Rd8 21. a3
Bg7 22. f3 g5 23. Nh3 h6 24. Nf2 exf3 25. Bxf3 c6 26. Nd3 Ng6 27. Bd4 Ne4 28.
g4 Nh4 29. Bh1 Bxd4 30. exd4 Nf6 31. Ne5+ Kg7 32. h3 fxg4 33. hxg4 Ng6 34. Nxg6
Kxg6 35. Bf3 Rd7 36. Rd3 Rad8 37. Rad1 Kg7 38. d5 cxd5 39. cxd5 Rd6 40. Rd4 Rc8
41. Kf2 Kf7 42. Kg3 Rc2 43. R1d2 Rxd2 44. Rxd2 Ke7 45. Kf2 Ne8 46. Rd4 Kd7 47.
Ke3 Rf6 48. a4 Nd6 49. b3 b5 50. Rb4 bxa4 51. bxa4 Rf8 52. Bg2 Ra8 53. Be4 Re8
54. Kd3 Rf8 55. Bf5+ Kc7 56. Be6 Rf3+ 57. Ke2 Ra3 58. Kd2 Kd8 59. Ke2 Ke7 60.
Rb1 Kf6 61. Rh1 Kg7 62. Bd7 Ne4 63. Rc1 Kf6 64. Rc7 Nd6 65. Be6 Rxa4 66. Rh7
Ra2+ 67. Kd3 Ke5 68. Rxh6 b5 69. Rg6 Ra3+ 70. Kc2 b4 71. Bg8 Nc4 72. d6 Rc3+
73. Kb1 Nxd6 74. Rxg5+ Kf4 75. Rd5 Ne4 76. Rd4 Ke5 77. Rxb4 Rg3 78. Bh7 Rxg4
79. Rxe4+ Rxe4 80. Bxe4 Kxe4 1/2-1/2

[Event "1. liga - V 17/18, Trinec-Rychnov"]
[Site ""]
[Date "2017.12.10"]
[Round "4.2"]
[White "Havelka, Josef"]
[Black "Chytilek, Roman"]
[Result "1-0"]
[WhiteElo "2332"]
[BlackElo "2335"]
[PlyCount "0"]
[WhiteTeam "Panda Rychnov nad Kneznou A"]
[BlackTeam "TZ Trinec"]
[EventDate "2017.10.22"]

1. e4 c6 2. d4 d5 3. e5 Bf5 4. Nf3 e6 5. Be2 h6 6. O-O Nd7 7. Nbd2 Ne7 8. a4 c5
9. dxc5 Nc6 10. Nb3 Nxc5 11. Nbd4 Bg4 12. Nxc6 bxc6 13. Nd4 Bxe2 14. Qxe2 Qc8
15. c4 Nd7 16. cxd5 cxd5 17. Bf4 Bc5 18. Rac1 Qd8 19. Nf5 Kf8 20. Nd6 Rb8 21.
Rc2 Kg8 22. Rfc1 Bxd6 23. exd6 Qf6 24. Be3 a5 25. Rc7 Rd8 26. Qd2 Kh7 27. f4
Qf5 28. Ra7 Rhf8 29. Qc2 Qxc2 30. Rxc2 Nf6 31. Rc6 Rb8 32. Bb6 Rfc8 33. Rxc8
Rxc8 34. Bc7 Kg6 35. Rxa5 Kf5 36. Rb5 Nd7 37. Kf2 e5 38. fxe5 Kxe5 39. a5 Kd4
40. Rb7 Kc5 41. a6 Ra8 42. b4+ Kc4 43. a7 1-0

[Event "1. liga - V 17/18, Trinec-Rychnov"]
[Site ""]
[Date "2017.12.10"]
[Round "4.3"]
[White "Nedela, Vlastimil"]
[Black "Kozusek, Daniel"]
[Result "0-1"]
[WhiteElo "2330"]
[BlackElo "2233"]
[PlyCount "0"]
[WhiteTeam "TZ Trinec"]
[BlackTeam "Panda Rychnov nad Kneznou A"]
[EventDate "2017.10.22"]

1. Nf3 d5 2. g3 Nc6 3. d4 Bf5 4. Bg2 Nb4 5. Na3 e6 6. O-O Be7 7. c3 Na6 8. Qb3
Qc8 9. Bf4 h6 10. Nd2 Nf6 11. f3 O-O 12. e4 Bh7 13. Nb5 Qd7 14. Rfd1 c5 15. c4
cxd4 16. cxd5 Nc5 17. Qc4 exd5 18. Qf1 d3 19. Nc7 Rac8 20. Bh3 Ne6 21. Nxe6
fxe6 22. Qxd3 Bc5+ 23. Kh1 Qc6 24. Qb3 g5 25. Be5 g4 26. exd5 exd5 27. Bg2 Bb6
28. Ne4 gxf3 29. Nxf6+ Rxf6 30. Bh3 Be4 31. Re1 Rf7 32. Rad1 Qg6 33. Bf4 Rc2
34. Qa4 Rxf4 35. Rxd5 f2+ 36. Rxe4 f1=Q+ 0-1

[Event "1. liga - V 17/18, Trinec-RnK"]
[Site ""]
[Date "2017.12.10"]
[Round "4.4"]
[White "Goluch, Piotr"]
[Black "Walek, Milan"]
[Result "1-0"]
[WhiteElo "2308"]
[BlackElo "2293"]
[PlyCount "0"]
[WhiteTeam "Panda Rychnov nad Kneznou A"]
[BlackTeam "TZ Trinec"]
[EventDate "2017.10.22"]

1. Nf3 Nf6 2. c4 g6 3. g3 Bg7 4. Bg2 O-O 5. O-O d5 6. cxd5 Nxd5 7. d4 Nb6 8.
Nc3 Nc6 9. e3 Bf5 10. Qe2 e5 11. Nh4 exd4 12. Nxf5 gxf5 13. Rd1 Qf6 14. Nb5
Rad8 15. Bxc6 Qxc6 16. Nxd4 Qd5 17. b4 f4 18. Qg4 fxg3 19. hxg3 f5 20. Qf4 Rd6
21. Bb2 Nc4 22. Bc3 Ne5 23. Ne2 Nd3 24. Qg5 Rg6 25. Nf4 Nxf4 26. Qxf4 Qf7 27.
Bxg7 Rxg7 28. Rac1 c6 29. Qc4 Rg4 30. Qxf7+ Rxf7 31. a3 h5 32. Rd8+ Kg7 33. Kg2
h4 34. Rcd1 a5 35. bxa5 Ra4 36. gxh4 Rxa5 37. R1d7 b5 38. Rxf7+ Kxf7 39. Rc8
Ra6 40. Kg3 Ke7 41. h5 Kf6 42. Rg8 Kf7 43. Rg6 Rxa3 44. Rxc6 Ra4 45. f3 f4+ 46.
exf4 Ra1 47. Kg4 b4 48. Rb6 Rg1+ 49. Kf5 Kg7 50. Rxb4 Rh1 51. Rb7+ Kh6 52. Ke6
Re1+ 53. Kf7 Re3 54. f5 Rxf3 55. f6 Rf5 56. Rb8 Kh7 57. Ke6 Rf1 58. f7 Kg7 59.
Rg8+ Kh7 60. f8=R 1-0

[Event "1. liga - V 17/18, Trinec-RnK"]
[Site ""]
[Date "2017.12.10"]
[Round "4.5"]
[White "Fargac, Martin"]
[Black "Machlowski, Slawomir"]
[Result "1/2-1/2"]
[WhiteElo "2253"]
[BlackElo "2120"]
[PlyCount "0"]
[WhiteTeam "TZ Trinec"]
[BlackTeam "Panda Rychnov nad Kneznou A"]
[EventDate "2017.10.22"]

1. d4 c5 2. e3 e6 3. Nf3 Nf6 4. b3 Qc7 5. Bb2 b6 6. Be2 Bb7 7. c4 d6 8. O-O
Nbd7 9. Nc3 Rd8 10. d5 e5 11. Nd2 Be7 12. Kh1 Nf8 13. f4 exf4 14. exf4 Ng6 15.
Nce4 Nxe4 16. Nxe4 f5 17. Ng3 O-O 18. Bd3 Bc8 19. Qc2 Qd7 20. Rae1 Bh4 21. Re6
Bxg3 22. hxg3 Qf7 23. Re3 Rfe8 24. Rfe1 Rxe3 25. Rxe3 Kf8 26. Qe2 Ne7 27. Kg1
Ng8 28. g4 Nh6 29. gxf5 Nxf5 30. Bxf5 Bxf5 31. Qe1 Rd7 32. Qh4 1/2-1/2

[Event "1. liga - V 17/18, Trinec-RnK"]
[Site ""]
[Date "2017.12.10"]
[Round "4.6"]
[White "Novotny, Josef"]
[Black "Sikora, Jan"]
[Result "0-1"]
[WhiteElo "2063"]
[BlackElo "2223"]
[PlyCount "0"]
[WhiteTeam "Panda Rychnov nad Kneznou A"]
[BlackTeam "TZ Trinec"]
[EventDate "2017.10.22"]

1. e3 c5 2. d3 g6 3. g3 Bg7 4. Bg2 Nc6 5. Nc3 d6 6. Nge2 Nh6 7. h4 e5 8. h5 Bg4
9. hxg6 hxg6 10. f3 Be6 11. e4 f5 12. Be3 Nf7 13. Rxh8+ Bxh8 14. Qd2 Qa5 15. a3
Nd4 16. Kf2 Qb6 17. Rb1 Bf6 18. Nd5 Bxd5 19. exd5 O-O-O 20. b4 Qa6 21. Nc3 Qxa3
22. bxc5 dxc5 23. Bxd4 cxd4 24. Nb5 Qc5 25. Kg1 a6 26. Qa5 Kb8 27. Qa3 Rxd5 28.
Qxc5 Rxc5 29. Na3 Rc3 30. f4 e4 31. dxe4 fxe4 32. Rb3 Nd6 33. Rxc3 dxc3 34. Kf2
Bd4+ 35. Ke2 b5 36. Bxe4 Nxe4 37. Kd3 Bc5 0-1

[Event "1. liga - V 17/18, Trinec-RnK"]
[Site ""]
[Date "2017.12.10"]
[Round "4.7"]
[White "Frolik, Martin"]
[Black "Pavlicek, Miroslav"]
[Result "1-0"]
[WhiteElo "2180"]
[BlackElo "2029"]
[PlyCount "0"]
[WhiteTeam "TZ Trinec"]
[BlackTeam "Panda Rychnov nad Kneznou A"]
[EventDate "2017.10.22"]

1. d4 b5 2. e3 a6 3. Nf3 Bb7 4. c4 bxc4 5. Bxc4 d5 6. Bb3 e6 7. Ba4+ Nd7 8. Ne5
Ngf6 9. Qf3 Bb4+ 10. Bd2 Bxd2+ 11. Nxd2 O-O 12. Nxd7 Nxd7 13. O-O c5 14. Bxd7
Qxd7 15. Nb3 cxd4 16. exd4 Qd6 17. Qg3 Qxg3 18. hxg3 a5 19. Rfc1 Rfb8 20. Rc7
a4 21. Nc5 Bc8 22. Rc1 f6 23. Rc2 e5 24. dxe5 fxe5 25. Re2 e4 26. Rd2 Bg4 27.
Rxd5 h6 28. Re5 a3 29. bxa3 Re8 30. Rxe4 Rxe4 31. Nxe4 Rxa3 32. f3 Be6 33. Nc3
Bxa2 34. Nxa2 Rxa2 35. g4 Kh7 36. Kh2 Ra6 37. Kg3 Kg6 38. Rc3 h5 39. Rc7 hxg4
40. Kxg4 Kf6 41. g3 g6 42. Rc5 Rb6 43. Ra5 Rb4+ 44. f4 Rb6 45. Kh4 Rb1 46. Ra6+
Kf5 47. g4+ Kxf4 48. Rf6+ Ke5 49. Rxg6 Rh1+ 50. Kg5 Rg1 51. Ra6 Rg2 52. Kh5
Rh2+ 53. Kg6 Rh8 54. Kg7 Rb8 55. g5 Rb7+ 56. Kh6 Rb1 57. g6 Kf5 58. Kh7 Rh1+
59. Kg8 Rg1 60. g7 Rb1 61. Kh7 1-0

[Event "1. liga - V 17/18, Trinec-RnK"]
[Site ""]
[Date "2017.12.10"]
[Round "4.8"]
[White "Horak, Jan"]
[Black "Sikorova, Olga"]
[Result "0-1"]
[WhiteElo "1879"]
[BlackElo "2217"]
[PlyCount "0"]
[WhiteTeam "Panda Rychnov nad Kneznou A"]
[BlackTeam "TZ Trinec"]
[EventDate "2017.10.22"]

1. e4 e6 2. d3 c5 3. g3 Nc6 4. Bg2 Nf6 5. f4 d5 6. Nd2 dxe4 7. dxe4 e5 8. f5 b6
9. Nh3 Ba6 10. Bf1 Bxf1 11. Kxf1 Nxe4 12. c3 Qd3+ 13. Qe2 Nxd2+ 14. Bxd2 Qxf5+
15. Kg2 Rd8 16. Be3 Qe4+ 17. Kf2 Be7 18. Qf3 Qxf3+ 19. Kxf3 f6 20. Nf2 Kf7 21.
g4 g6 22. h3 f5 23. Rad1 e4+ 24. Kg3 Rxd1 25. Rxd1 Rd8 26. Rxd8 Bxd8 27. gxf5
gxf5 28. Bf4 Ke6 29. Nd1 Ne5 30. Nf2 Ng6 31. Bb8 a6 32. Nd1 h5 33. c4 f4+ 34.
Kf2 Bf6 35. Bc7 Bd4+ 36. Ke2 b5 37. b3 bxc4 38. bxc4 Ne5 0-1

[Event "1. liga - V 17/18, Opava-CT"]
[Site ""]
[Date "2017.12.10"]
[Round "4.1"]
[White "Rakus, Pavel"]
[Black "Langner, Ladislav"]
[Result "1/2-1/2"]
[WhiteElo "2221"]
[BlackElo "2398"]
[PlyCount "0"]
[WhiteTeam "KVS Ekodivize Opava"]
[BlackTeam "Slavoj Cesky Tesin"]
[EventDate "2017.10.22"]

1. Nf3 Nf6 2. g3 g6 3. Bg2 d5 4. O-O Bg7 5. d4 O-O 6. b3 c5 7. e3 Nc6 8. Bb2
Ne4 9. Nbd2 Nxd2 10. Qxd2 Bf5 11. Rfd1 Be4 12. Ne5 Nxe5 13. dxe5 Bxg2 14. Kxg2
e6 15. e4 d4 16. c3 dxc3 17. Qxc3 Qc7 18. Rac1 Rac8 19. Rd3 b5 20. Rcd1 c4 21.
Rd7 Qb8 22. Qd4 a5 23. f4 Rfe8 24. f5 gxf5 25. exf5 Qa8+ 26. Kf2 exf5 27. Rxf7
Rcd8 28. Rxg7+ Kxg7 29. Qb6 Rxd1 30. Qf6+ Kg8 31. Qg5+ Kf7 32. Qf6+ Kg8 33.
Qg5+ Kf7 1/2-1/2

[Event "1. liga - V 17/18, Opava-CT"]
[Site ""]
[Date "2017.12.10"]
[Round "4.2"]
[White "Molenda, Marcin"]
[Black "Nabelek, Marek"]
[Result "1-0"]
[WhiteElo "2388"]
[BlackElo "2235"]
[PlyCount "0"]
[WhiteTeam "Slavoj Cesky Tesin"]
[BlackTeam "KVS Ekodivize Opava"]
[EventDate "2017.10.22"]

1. d4 d5 2. c4 Nc6 3. cxd5 Qxd5 4. e3 e5 5. Nc3 Bb4 6. Bd2 Bxc3 7. bxc3 Nf6 8.
f3 Qd6 9. Bd3 O-O 10. Ne2 Re8 11. Qb1 b6 12. O-O a5 13. Ng3 Ba6 14. Nf5 Qd7 15.
Bxa6 Rxa6 16. Qd3 Raa8 17. e4 Rad8 18. Qe3 Nh5 19. Qg5 g6 20. d5 Ne7 21. Nh6+
Kg7 22. Qxe5+ f6 23. Qd4 Qd6 24. Ng4 c5 25. Qc4 Nc8 26. Rad1 Qc7 27. Bh6+ Kh8
28. Qd3 Nd6 29. c4 Nf7 30. Bd2 Ne5 31. Nxe5 fxe5 32. Bc3 Nf4 33. Qd2 Kg8 34. g3
Nh5 35. Qb2 Qd6 36. Rb1 Rb8 37. Rf2 Qe7 38. Qd2 Nf6 39. Qe3 Nd7 40. Ba1 g5 41.
Re1 h6 42. f4 gxf4 43. gxf4 Kh7 44. Ref1 Rg8+ 45. Kh1 Rbe8 46. fxe5 Nxe5 47.
Rf5 Qg7 48. Qe2 Qg4 49. Qxg4 Nxg4 50. Rg1 Re7 51. d6 Rd7 52. e5 Rdg7 53. Rg3
Ne3 54. Rxg7+ Rxg7 55. Rf3 Nxc4 56. e6 Rg8 57. d7 Nd2 58. Rf7+ Kg6 59. Rg7+ 1-0

[Event "1. liga - V 17/18, Opava-CT"]
[Site ""]
[Date "2017.12.10"]
[Round "4.3"]
[White "Zalesky, Karel"]
[Black "Mrazek, Lumir"]
[Result "0-1"]
[WhiteElo "2030"]
[BlackElo "2266"]
[PlyCount "0"]
[WhiteTeam "KVS Ekodivize Opava"]
[BlackTeam "Slavoj Cesky Tesin"]
[EventDate "2017.10.22"]

1. e4 c5 2. Nf3 Nc6 3. d4 cxd4 4. Nxd4 e5 5. Nb5 a6 6. Nd6+ Bxd6 7. Qxd6 Qf6 8.
Qd1 Qg6 9. Nc3 d5 10. Nxd5 Qxe4+ 11. Be2 Nd4 12. Ne3 Be6 13. Bd3 Qh4 14. c3 Nc6
15. Nf5 Bxf5 16. Bxf5 Rd8 17. Qe2 Nge7 18. Bc2 O-O 19. O-O f5 20. g3 Qh3 21. f3
f4 22. gxf4 exf4 23. Qc4+ Kh8 24. Bxf4 Qh4 25. Rad1 Rxd1 26. Rxd1 Rxf4 27. Be4
Rxf3 28. Qe2 Qg5+ 29. Kh1 Re3 30. Qc2 Qe5 31. Bd3 Re1+ 32. Rxe1 Qxe1+ 33. Kg2
Nd5 34. Qf2 Qe7 35. Kh1 Ne5 36. Qf5 g6 37. Qc8+ Kg7 38. Be4 Nf7 39. Qc4 Nf6 40.
Bg2 Ne5 41. Qc8 Nc6 42. h3 Ne4 43. Kg1 Nd6 44. Qg4 Qe3+ 45. Kh2 Nf5 46. Qd1
Qg3+ 0-1

[Event "1. liga - V 17/18, Opava-CT"]
[Site ""]
[Date "2017.12.10"]
[Round "4.4"]
[White "Mroziak, Maciej"]
[Black "Muzik, Martin"]
[Result "1-0"]
[WhiteElo "2397"]
[BlackElo "2180"]
[PlyCount "0"]
[WhiteTeam "Slavoj Cesky Tesin"]
[BlackTeam "KVS Ekodivize Opava"]
[EventDate "2017.10.22"]

1. e4 d6 2. d4 Nf6 3. Nc3 e5 4. Nf3 Nbd7 5. g4 Nxg4 6. Rg1 exd4 7. Qxd4 Nde5 8.
Be2 Qf6 9. Qd1 c6 10. h3 Nxf3+ 11. Bxf3 Ne5 12. Be2 h6 13. Rg3 g5 14. Be3 Bg7
15. Qd2 b5 16. O-O-O Bb7 17. f4 gxf4 18. Bxf4 O-O-O 19. Rf1 Rdg8 20. Be3 Qh4
21. Rfg1 Qf6 22. Bxa7 h5 23. Kb1 Ng6 24. Be3 Re8 25. a3 Qe6 26. Bd4 Be5 27.
Bxe5 Nxe5 28. h4 Kc7 29. Rg5 Qh3 30. Qf4 Re7 31. Rxh5 Rb8 32. Rf5 Bc8 33. Bf1
Bxf5 34. Bxh3 Bxh3 35. h5 Rh8 36. Qh4 1-0

[Event "1. liga - V 17/18, Opava-CT"]
[Site ""]
[Date "2017.12.10"]
[Round "4.5"]
[White "Rambousek, Jan"]
[Black "Kawulok, Marek"]
[Result "0-1"]
[WhiteElo "2010"]
[BlackElo "2158"]
[PlyCount "0"]
[WhiteTeam "KVS Ekodivize Opava"]
[BlackTeam "Slavoj Cesky Tesin"]
[EventDate "2017.10.22"]

1. e4 e5 2. Nf3 Nc6 3. Nc3 Nf6 4. d4 exd4 5. Nxd4 Bb4 6. Nxc6 bxc6 7. Bd3 d5 8.
exd5 cxd5 9. O-O O-O 10. Bg5 c6 11. Qf3 Bd6 12. Bxf6 Qxf6 13. Qxf6 gxf6 14.
Rad1 Rb8 15. b3 Be6 16. Ne2 c5 17. Ng3 Rfe8 18. Bf5 a5 19. Rd3 Rb4 20. c4 d4
21. f4 Bf8 22. Nh5 Be7 23. Rg3+ Kh8 24. Bxe6 fxe6 25. Ng7 Rg8 26. Nxe6 Rxg3 27.
hxg3 Bd6 28. Rf3 f5 29. Ng5 Kg7 30. Kf2 h6 31. Nh3 a4 32. Ng1 Rb6 33. Rd3 Ra6
34. Nf3 axb3 35. axb3 Ra2+ 36. Rd2 Ra1 37. Ne1 Rb1 38. Rd3 Rb2+ 39. Kf3 Bc7 40.
g4 Ba5 41. gxf5 Bxe1 42. g4 Rd2 43. Rxd2 Bxd2 44. Ke4 Kf6 45. Kd3 Bxf4 46. b4
cxb4 47. Kxd4 Bd6 0-1

[Event "1. liga - V 17/18, Opava-CT"]
[Site ""]
[Date "2017.12.10"]
[Round "4.6"]
[White "Gibiec, Ernest"]
[Black "Panis, Radim"]
[Result "0-1"]
[WhiteElo "2165"]
[BlackElo "2069"]
[PlyCount "0"]
[WhiteTeam "Slavoj Cesky Tesin"]
[BlackTeam "KVS Ekodivize Opava"]
[EventDate "2017.10.22"]

1. d4 Nf6 2. c4 e6 3. Nf3 Bb4+ 4. Bd2 c5 5. Bxb4 cxb4 6. Nbd2 O-O 7. g3 b6 8.
Bg2 Bb7 9. Qc2 d5 10. Ne5 Nc6 11. Nxc6 Bxc6 12. O-O Rc8 13. cxd5 Bxd5 14. Qd3
Bxg2 15. Kxg2 Qd7 16. Rfd1 Rc7 17. a3 bxa3 18. Rxa3 Rfc8 19. Rda1 a5 20. e4 Rc2
21. Rb3 Qc6 22. Kg1 h6 23. Raa3 Rc1+ 24. Kg2 Qc2 25. Rc3 Qxd3 26. Rxd3 R8c2 27.
Rac3 b5 28. Kf3 b4 29. Rxc2 Rxc2 30. b3 Kf8 31. h3 Ke7 32. Ke3 Nd7 33. f4 Nb6
34. g4 f6 35. h4 f5 36. d5 fxe4 37. d6+ Kd7 38. Nxe4 Nd5+ 39. Kf3 Rc1 40. f5
exf5 41. gxf5 Rf1+ 42. Kg3 Rxf5 43. Rd2 Nc3 0-1